Serendipitous: (Record no. 201152)

MARC details
000 -LEADER
fixed length control field 00598nam a22001937a 4500
005 - DATE AND TIME OF LATEST TRANSACTION
control field 20240229152317.0
010 ## - LCCN (DPL NO)
LC control number ENG-139473
020 ## - INTERNATIONAL STANDARD BOOK NUMBER
International Standard Book Number 9789356072916
Terms of availability 449.00
035 ## - SYSTEM CONTROL NUMBER
System control number EN-123005
037 ## - SOURCE OF ACQUISITION
Stock number dpl
Source of stock number/acquisition Allied Pub/Ven
037 ## - SOURCE OF ACQUISITION
Source of stock number/acquisition DBAD/PUB
082 ## - DEWEY DECIMAL CLASSIFICATION NUMBER
Classification number N
100 ## - MAIN ENTRY--PERSONAL NAME
Personal name Bhattacharya, Rabindra Chandra
245 ## - TITLE STATEMENT
Title Serendipitous:
Remainder of title Turning Chance into Possibilities/
Statement of responsibility, etc By Rabindra Chandra Bhattacharya,
260 ## - PUBLICATION, DISTRIBUTION, ETC. (IMPRINT)
Place of publication, distribution, etc New Delhi
Name of publisher, distributor, etc Allied Publishers
Date of publication, distribution, etc 2011
270 ## - ADDRESS
Address 1/13-14 Asaf Ali Road
City New Delhi
Postal code 110002
300 ## - PHYSICAL DESCRIPTION
Extent xii,194p
Other physical details ill.
Dimensions 24cm(hbk)
942 ## - ADDED ENTRY ELEMENTS (KOHA)
Source of classification or shelving scheme Dewey Decimal Classification
Item type English Books
Classification part N
Call number suffix BHA
Holdings
Withdrawn status Lost status Not for loan Collection code Home library Current library Date acquired Source of acquisition Cost, normal purchase price Full call number Barcode Copy number Cost, replacement price Koha item type
      Non-fiction Bawana Bawana 29/02/2024 DBAD 449.00 N BHA EN-123005 1 449.00 English Books

© Delhi Public Library
Hit Counter
free hit counter